| 000 | 01011nam a22002897a 4500 | ||
|---|---|---|---|
| 001 | 9380 | ||
| 003 | FISKH | ||
| 005 | 20260130135200.0 | ||
| 008 | 251216b cb ||||| |||| 00| 0 eng d | ||
| 020 | _a9780462001319 | ||
| 040 |
_aFISKH _beng _cFISKH _dFISKH |
||
| 050 | _aPZ7 | ||
| 082 | _a599.773 | ||
| 100 |
_aWard, Nicole _eAuthor |
||
| 245 |
_aThe grey wolf / _cWritten by Nicole Ward |
||
| 260 |
_aSingapore : _bMarshall Cavendish International , _c2008 |
||
| 300 |
_a16 pages : _bphotographs ; _c19 cm |
||
| 490 |
_aMy pals are here! : _v16e |
||
| 505 | _aG | ||
| 520 | _aA scary movie set in the woods would not be the same without a howling wolf. It's a noise that can make you shiver with fear. But what do you know about wolves? Let's find out about the biggest of all the wolves. Let's learn about the grey wolf. | ||
| 521 | 8 |
_a400
_bLexile estimate |
|
| 521 | 8 |
_aG
_bRaz-Plus |
|
| 650 |
_aFacts _vWolves |
||
| 650 |
_aBiggest wolf _vGrey wolf |
||
| 942 |
_2ddc _cBK _n0 |
||
| 999 |
_c9380 _d9380 |
||